[Event "IMSA Rapid Men 2019"]
[Site "Hengshui"]
[Date "2019.05.15"]
[Round "7.1"]
[White "Fedoseev, Vladimir"]
[Black "Korobov, Anton"]
[Result "0-1"]
[WhiteElo "2683"]
[BlackElo "2687"]
[Annotator "RC"]
[PlyCount "126"]
[EventDate "2019.05.14"]
[EventType "rapid"]
[EventCountry "CHN"]
[SourceTitle "playchess.com"]
[Source "ChessBase"]
[SourceQuality "1"]
[TimeControl "900+10"]

1. e4 {[%emt 0:00:10]} c5 {[%emt 0:00:00]} 2. Nf3 {[%emt 0:00:01]} d6 {[%emt 0:00:00]} 3. d4 {[%emt 0:00:01]} cxd4 {[%emt 0:00:00]} 4. Nxd4 {[%emt 0:00:01]} Nf6 {[%emt 0:00:00]} 5. Nc3 {[%emt 0:00:02]} a6 {[%emt 0:00:00]} 6. Bg5 {[%emt 0:00:26]} e6 {[%emt 0:00:00]} 7. f4 {[%emt 0:00:05]} Qc7 {[%emt 0:00:02]} 8. Bxf6 {[%emt 0:00:46]} gxf6 {[%emt 0:00:01]} 9. Be2 {[%emt 0:00:07]} Nc6 {[%emt 0:00:18]} 10. Qd2 {[%emt 0:01:22]} Rg8 {[%emt 0:00:28]} 11. Bf3 {[%emt 0:00:17]} Nxd4 {[%emt 0:01:30]} 12. Qxd4 {[%emt 0:00:01]} Qc5 {[%emt 0:00:01]} 13. Qd3 {[%emt 0:00:56]} Bd7 {[%emt 0:00:22]} 14. O-O-O {[%emt 0:00:59]} O-O-O {[%emt 0:00:03]} 15. Kb1 {[%emt 0:00:24]} Kb8 {[%emt 0:00:15]} 16. g3 {[%emt 0:01:15]} h5 {[%emt 0:00:38]} 17. Rhe1 {[%emt 0:04:03]} h4 {[%emt 0:00:19]} 18. gxh4 {[%emt 0:00:50]} Bh6 {[%emt 0:00:28]} 19. Qd2 {[%emt 0:00:24]} Bc6 {[%emt 0:00:34]} 20. Rf1 {[%emt 0:01:05]} f5 {[%emt 0:01:02]} 21. exf5 {[%emt 0:01:25]} Bxf3 {[%emt 0:00:04]} 22. Rxf3 {[%emt 0:00:01]} Qxf5 {[%emt 0:00:01]} 23. Qf2 {[%emt 0:00:08]} d5 {[%emt 0:01:16]} 24. Ne2 {[%emt 0:00:03]} Bg7 {[%emt 0:00:51]} 25. Ng3 {[%emt 0:01:46]} Qg4 {[%emt 0:00:22]} 26. h5 {[%emt 0:00:03]} Rc8 {[%emt 0:00:22]} 27. Rg1 {[%emt 0:00:10]} Bd4 {[%emt 0:00:24]} 28. Qxd4 {[%emt 0:00:02]} Qxf3 {[%emt 0:00:02]} 29. c3 {[%emt 0:00:07]} Rg4 {[%emt 0:00:31]} 30. Rf1 {[%emt 0:00:46]} Qg2 {[%emt 0:00:02]} 31. Rf2 {[%emt 0:00:03]} Qg1+ {[%emt 0:00:11]} 32. Kc2 {[%emt 0:00:01]} Rh4 {[%emt 0:00:23]} 33. Qd2 {[%emt 0:00:17]} d4 {[%emt 0:00:34]} 34. Qxd4 {[%emt 0:00:49]} Rxh2 {[%emt 0:00:08]} 35. Qe5+ {[%emt 0:00:05]} Ka8 {[%emt 0:00:39]} 36. Rxh2 {[%emt 0:00:05]} Qxh2+ {[%emt 0:00:02]} 37. Ne2 {[%emt 0:00:01]} Rd8 {[%emt 0:00:28]} 38. c4 {[%emt 0:00:27]} Qh3 {[%emt 0:02:07]} 39. Nd4 {[%emt 0:00:02]} Rg8 {[%emt 0:00:24]} 40. Kd2 {[%emt 0:01:22]} Qg2+ {[%emt 0:00:54]} 41. Ne2 {[%emt 0:00:11]} Qg7 {[%emt 0:00:23]} 42. Qxg7 {[%emt 0:00:14]} Rxg7 {[%emt 0:00:01]} 43. Ke3 {[%emt 0:00:01]} Rg2 {[%emt 0:00:14]} 44. f5 {[%emt 0:00:16]} exf5 {[%emt 0:00:21]} 45. a4 {[%emt 0:00:20]} Kb8 {[%emt 0:00:33]} 46. Nf4 {[%emt 0:00:15]} Rxb2 {[%emt 0:00:13]} 47. Kd4 {[%emt 0:00:03]} f6 {[%emt 0:00:09]} 48. Kd5 {[%emt 0:00:05]} Rf2 {[%emt 0:00:04]} 49. Ng6 {[%emt 0:00:16]} f4 {[%emt 0:00:11]} 50. Ke4 {[%emt 0:00:17]} f3 {[%emt 0:00:03]} 51. Nf4 {[%emt 0:00:08]} Kc7 {[%emt 0:00:21]} 52. Nd5+ {[%emt 0:00:06]} Kc6 {[%emt 0:00:18]} 53. Nxf6 {[%emt 0:00:07]} Rf1 {[%emt 0:00:14]} 54. Ke3 {[%emt 0:00:13]} a5 {[%emt 0:00:15]} 55. Ne4 {[%emt 0:00:07]} Rh1 {[%emt 0:00:31]} 56. Ng3 {[%emt 0:00:05]} Rh4 {[%emt 0:00:05]} 57. Kxf3 {[%emt 0:00:05]} Kc5 {[%emt 0:00:14]} 58. Ne4+ {[%emt 0:00:08]} Kxc4 {[%emt 0:00:13]} 59. Nf6 {[%emt 0:00:02]} b5 {[%emt 0:00:09]} 60. axb5 {[%emt 0:00:08]} Kxb5 {[%emt 0:00:02]} 61. Kg3 {[%emt 0:00:01]} Rh1 {[%emt 0:00:18]} 62. Kg2 {[%emt 0:00:02]} Rd1 {[%emt 0:00:13]} 63. h6 {[%emt 0:00:02]} Rd8 {[%emt 0:00:01]} 0-1

[Event "IMSA Rapid Men 2019"]
[Site "Hengshui"]
[Date "2019.05.15"]
[Round "7.2"]
[White "Dominguez Perez, Leinier"]
[Black "Vidit, Santosh Gujrathi"]
[Result "1/2-1/2"]
[WhiteElo "2750"]
[BlackElo "2707"]
[Annotator "TA"]
[PlyCount "161"]
[EventDate "2019.05.14"]
[EventType "rapid"]
[EventCountry "CHN"]
[SourceTitle "playchess.com"]
[Source "ChessBase"]
[SourceQuality "1"]

{[%evp 10,161,13,13,25,27,20,16,15,20,42,16,26,14,20,5,6,20,43,39,47,60,126,120,123,104,109,114,102,83,129,135,120,115,126,120,119,86,85,78,85,77,100,67,75,73,69,70,61,32,22,13,93,58,121,75,109,62,60,42,55,47,65,65,79,43,33,33,114,37,121,114,114,114,114,114,114,113,114,113,106,106,98,91,87,65,238,24,24,12,102,16,16,16,16,16,16,16,16,16,16,16,16,0,16,0,16,16,16,16,16,16,16,16,16,16,16,0,16,0,0,0,0,0,0,0,0,0,0,0,0,0,0,0,5,5,5,5,8,8,8,8,8,0,5,0,8,8,8,8,8,8,12,0]} 1. e4 e5 2. Nf3 Nc6 3. Bc4 Bc5 4. c3 Nf6 5. d3 O-O 6. Nbd2 d5 {C54: Giuoco Piano: 4 c3 Nf6, main lines with 5 d4 and 5 d3} (6... a5 7. Nb3 Be7 8. a4 d5 9. exd5 Nxd5 10. O-O Bg4 11. h3 Bh5 12. Re1 Re8 13. Nbd2 Nb6 14. Bb5 {0-1 (65) Fedoseev,V (2702)-Wang,Y (2684) China 2019}) 7. exd5 Nxd5 8. Ne4 Be7 9. O-O Kh8 10. Re1 f6 11. Ng3 $146 ({Predecessor:} 11. Bb3 Na5 12. Bc2 c5 13. Ng3 Nc6 14. d4 cxd4 {½-½ (46) Urazayev,A (2322)-Sundararajan,K (2444) Pardubice 2017}) 11... Na5 12. Bb5 c5 13. d4 $36 {[%mdl 2048] White fights for an advantage.} cxd4 14. cxd4 Bb4 15. Re4 Nc7 (15... exd4 $14 16. Bd2 (16. Qxd4 a6 $14) (16. Rxd4 Be6 $14) (16. Nxd4 f5 $11) 16... Nc6) 16. Bd3 $16 Be7 17. dxe5 f5 18. Re1 Nc6 19. a3 Be6 20. Qc2 {[%cal Rg3f5]} Qd7 21. Bg5 Bxg5 22. Nxg5 Nd4 23. Qd1 Rad8 24. Qh5 {[%csl Gg5][%cal Rh5h7] [#]} g6 25. Qh4 Qe7 26. Qh6 Bb3 27. Rac1 Nce6 28. Nxe6 Nxe6 29. Bc4 Bxc4 30. Rxc4 Rd3 (30... Nc5 $11 {keeps the balance.}) 31. h4 Rfd8 (31... Qg7 $14 32. Qc1 Rd5) 32. h5 Qf8 33. Qxf8+ (33. Qc1 {seems wilder.} Qg7 34. Ne2 Qd7 35. Nf4 Rd1 36. Qxd1 Qxd1 37. Rxd1 Rxd1+ 38. Kh2) 33... Rxf8 34. hxg6 hxg6 35. Ne2 Rfd8 36. Nf4 Rd1 37. Kf1 Nxf4 38. Rxf4 Rxe1+ $1 39. Kxe1 $14 {[%mdl 4096] Endgame KR-KR} Re8 ({Black should try} 39... Rd5 $1 $14) 40. Rh4+ $16 Kg7 41. f4 g5 42. Rh5 ({Don't play} 42. fxg5 $6 Rxe5+ 43. Kd2 b6 $11) 42... gxf4 43. Rxf5 Kg6 44. Rxf4 Rxe5+ 45. Kd2 Rg5 46. Rf2 Rg3 47. Kc2 b5 $2 {[#]} (47... Kg7 $14) 48. Rd2 $2 (48. Rf8 $1 $18 {[%cal Rf8g8] aiming for Rg8+.} Rxg2+ 49. Kb3) 48... Kf6 49. Rd5 b4 (49... Rxg2+ $11 50. Kc3 a6) 50. a4 (50. axb4 $16 Rxg2+ 51. Kb3) 50... b3+ $11 {The position is equal.} 51. Kd2 Ke6 52. Rd3 (52. Rh5 {is more complex.} Kd6 53. Rh2 a5 54. Rh3 Rxg2+ 55. Kc3) 52... Rxg2+ 53. Kc3 Rg4 54. Kxb3 a5 55. Rh3 {Threatens to win with Rh5.} Rg5 56. Rd3 Rd5 57. Rh3 (57. Rg3 {with more complications.} Kd6 58. Kc3 Rc5+ 59. Kd3 Kc6 60. b3) 57... Kd6 58. Rh6+ (58. Rh1 {looks sharper.} Kc6 59. Rh7 Kb6 60. Rh8 Rg5 61. Ka2) 58... Kc7 59. Kc4 Rg5 60. b3 Kb7 61. Rd6 Rg4+ 62. Rd4 Rg3 63. Rd3 Rg4+ 64. Kc5 Rb4 65. Rd7+ Kb8 66. Rd3 Kb7 67. Kd6 Kb6 68. Rc3 Rd4+ 69. Ke5 Rb4 70. Kd5 Kb7 71. Kc5 Ka6 72. Re3 Kb7 73. Rf3 $1 Ka6 74. Kc6 Rb6+ 75. Kc7 Rb7+ 76. Kc8 Rb4 77. Re3 Ka7 78. Kc7 Rb7+ 79. Kc6 Rb6+ 80. Kc5 Rb4 81. Rd3 {Accuracy: White = 59%, Black = 57%.} 1/2-1/2

[Event "IMSA Rapid Men 2019"]
[Site "Hengshui"]
[Date "2019.05.15"]
[Round "7.3"]
[White "Le, Quang Liem"]
[Black "Ponomariov, Ruslan"]
[Result "1/2-1/2"]
[WhiteElo "2704"]
[BlackElo "2675"]
[Annotator "TA"]
[PlyCount "109"]
[EventDate "2019.05.14"]
[EventType "rapid"]
[EventCountry "CHN"]
[SourceTitle "playchess.com"]
[Source "ChessBase"]
[SourceQuality "1"]

{[%evp 13,109,0,0,14,2,0,5,-15,-14,-8,-13,0,-7,-21,-15,-22,27,25,24,25,22,0,9,5,12,6,8,14,42,43,60,49,54,55,47,27,27,11,33,7,7,9,39,2,0,7,7,0,15,8,47,54,69,69,69,68,79,56,56,61,80,77,77,70,70,68,68,70,70,70,72,71,87,86,79,15,23,0,0,0,7,0,1,0,0,0,0,0,0,0,0,0,0,0,7,0,8,0]} 1. c4 Nf6 2. Nc3 e5 3. Nf3 Nc6 4. e3 Be7 5. a3 d5 6. cxd5 Nxd5 7. Qc2 O-O 8. b4 {[%cal Bb2b4,Bb4b5][%mdl 32] A28: English Opening: Four Knights Variation} Nxc3 9. dxc3 Be6 (9... Qd6 10. Bd3 f5 11. e4 f4 12. h3 a5 13. Bb2 Bf6 14. Rd1 Qe7 15. O-O Be6 {0-1 (38) Carlsen,M (2837)-Bu,X (2730) Riadh 2017}) 10. e4 f6 11. Be3 a5 $146 {[%cal Ra5b4]} ({Predecessor:} 11... Qe8 12. Nd2 Qf7 13. Be2 Rfd8 14. O-O Rd7 15. Bb5 Rd6 {0-1 (42) Lorenzo de la Riva,L (2373)-Garcia Jimenez,F (2281) Barcelona 2017}) 12. b5 Nb8 13. c4 c6 14. c5 Qe8 15. Rb1 Nd7 16. bxc6 bxc6 17. Be2 f5 18. exf5 Bxf5 19. Bd3 Bxd3 20. Qxd3 Bxc5 (20... e4 {looks sharper.} 21. Qxe4 Bxc5 22. Qc4+ Qf7 23. Qxf7+ Rxf7 24. Bxc5 Nxc5 25. O-O Nd3) 21. Bxc5 Nxc5 22. Qc4+ {[%mdl 64] [#] Double Attack} Ne6 {[%cal Bc5e6,Be6c7,Bc7d5][%mdl 32]} 23. O-O $1 {[%mdl 1024] White has compensation.} ({Reject} 23. Nxe5 Rf4 $17) 23... Rf4 24. Qb3 a4 25. Qe3 Nc7 26. Rfc1 Nd5 27. Qxe5 Rf6 (27... Qg6 $5 {[%cal Rf4f3]} 28. Qg5 Qxg5 29. Nxg5 Rg4 $11) 28. Rb7 Qxe5 29. Nxe5 Re8 30. Nd7 Rf7 31. g3 (31. h3 {is interesting.} g6 32. Rxc6 Re1+ 33. Kh2 Re2 34. Rc5) 31... Rd8 (31... Rf3 {feels hotter.} 32. Rxc6 Rxa3 33. Rc5 Rd3 34. Ra7 a3) 32. Nc5 Rxb7 33. Nxb7 $14 {[%mdl 4096] Endgame KRN-KRN} Rb8 34. Nc5 Ra8 35. Rc4 Nb6 36. Rc2 h6 37. Kg2 Rd8 38. Ne4 Rd4 39. Rxc6 Nc4 40. Nc3 Nxa3 41. Ra6 Nc2 {With the idea ...a3.} 42. Nxa4 Ne1+ {[#]} 43. Kf1 $1 {[%cal Rf1e1]} Nf3 44. h3 (44. h4 $16) 44... Rc4 $11 45. Ke2 Ng1+ {The position is equal.} 46. Kd3 Rc1 (46... Rc8 {keeps more tension.} 47. Nc3 Nxh3 48. Ne4 Rd8+ 49. Ke3 Re8) 47. h4 Rf1 48. Ra8+ Kf7 49. Ra7+ Kg8 50. Ke3 Re1+ 51. Kd3 Rf1 52. Ke3 Re1+ 53. Kd3 Rf1 54. Ke3 {White wants to play Nc5.} Re1+ 55. Kd3 {Accuracy: White = 58%, Black = 63%.} 1/2-1/2

[Event "IMSA Rapid Men 2019"]
[Site "Hengshui"]
[Date "2019.05.15"]
[Round "7.4"]
[White "Gelfand, Boris"]
[Black "Yu, Yangyi"]
[Result "1/2-1/2"]
[WhiteElo "2676"]
[BlackElo "2739"]
[Annotator "TA"]
[PlyCount "178"]
[EventDate "2019.05.14"]
[EventType "rapid"]
[EventCountry "CHN"]
[SourceTitle "playchess.com"]
[Source "ChessBase"]
[SourceQuality "1"]

{[%evp 9,178,2,4,8,6,12,12,0,17,11,14,18,37,12,16,7,33,11,36,19,13,31,45,23,14,4,36,0,2,0,0,-12,61,44,63,71,77,72,110,56,147,132,164,93,136,135,150,135,162,97,143,8,8,0,0,0,69,74,80,62,110,82,115,100,93,85,85,102,89,73,74,89,83,83,157,167,165,158,158,145,152,143,164,172,165,150,158,0,154,150,158,158,158,151,158,158,173,158,165,158,158,158,158,158,183,158,158,0,152,149,158,0,166,135,144,137,178,173,174,184,165,144,144,145,142,61,137,105,104,86,151,117,117,100,103,56,133,25,38,0,0,0,14,0,0,0,0,0,0,0,0,0,0,0,0,0,0,0,0,0,0,0,0,0,0,0,0,0,0,0,0]} 1. c4 e5 2. Nc3 Nf6 3. Nf3 Nc6 4. e4 Bb4 5. d3 d6 6. a3 {A28: English Opening: Four Knights Variation} Bc5 7. b4 Bb6 8. Na4 Bg4 9. Nxb6 axb6 10. Bb2 Ne7 $146 ({Predecessor:} 10... Nd7 11. Be2 O-O 12. O-O Re8 13. Nd4 Nxd4 14. Bxg4 {½-½ (40) Pantsulaia,L (2585)-Korobov,A (2668) Kocaeli 2017}) 11. Be2 Ng6 12. g3 c5 13. Nd2 Qd7 14. Nf1 Bxe2 15. Qxe2 b5 16. Ne3 cxb4 17. O-O b3 18. cxb5 Qxb5 19. Nf5 {[%mdl 64] Double Attack} O-O $1 20. Nxd6 Qd7 (20... Qa6 $11 21. Nc4 Nd7) 21. Nc4 $14 Rad8 22. Rfd1 Rfe8 23. a4 h5 24. a5 (24. Ra3 $16) 24... h4 ({Better is} 24... Re6 $14) 25. Ra3 $1 $16 Qh3 26. Ne3 (26. Rxb3 $18 Re7 27. Qf1) 26... hxg3 27. fxg3 Qe6 28. Nc4 Qc6 {White should prevent ...Nxe4!} 29. Rf1 ({Much worse is} 29. Rxb3 $6 Nxe4 30. Rb6 (30. dxe4 Rxd1+ 31. Qxd1 Qxc4 $11) 30... Qc5+ 31. Qe3 Qd5 $14) (29. Rc1 $1 $18) 29... Qb5 {[#]} 30. Raa1 (30. Rc1 $1 $16) 30... Re6 $11 31. Rf5 Rc8 32. Raf1 Rxc4 (32... Ne7 $11) 33. dxc4 $14 Qxa5 34. R5f3 Rd6 {next ...Rd2 is good for Black.} 35. Rd3 Qb4 36. Rxd6 Qxd6 37. Qe3 Qc6 38. Qxb3 Qxe4 39. Bc1 Nf8 40. Qe3 Qxc4 41. Qxe5 b5 (41... Ng4 $142 42. Qf4 Qc5+ 43. Kh1 Ne5) 42. Bb2 $16 N8d7 43. Qc3 Qe4 44. Re1 Qd5 45. Qd4 Qb3 46. Bc3 Qc2 47. Qd2 Qb3 48. Qd4 Qc2 49. Ba1 Qf5 50. Rf1 Qe6 51. Rd1 Qa2 52. Qd2 Qa4 53. Rc1 Qa6 54. Qc3 Qe6 55. Re1 Qa6 56. Qd3 Qb6+ 57. Qd4 {Qxb6 is the strong threat.} Qc6 58. Rf1 Qe6 $1 59. Bb2 Qe2 60. Qc3 Qe4 $1 61. Rd1 Qe6 62. Qd3 Qb6+ {[#]} 63. Bd4 $1 {[%cal Rd4b6]} Qc6 64. Rb1 Ng4 65. Re1 ({Stronger than} 65. Qxb5 Qe4 $11) 65... Ngf6 66. Qc3 Qd5 67. Bxf6 ({White should play} 67. Qc8+ $16 Nf8 68. Qc5) 67... Nxf6 {[%mdl 4096] Endgame KQR-KQN} (67... gxf6 $14 68. Re8+ Kg7) 68. Rf1 Qd7 69. Qf3 Qd4+ (69... Ng4 $142) 70. Kh1 b4 71. h3 Qc4 72. Rd1 {Hoping for Rd8+.} Qe6 (72... Qc8 $1 $14) 73. g4 (73. Kg2 $16) 73... Nh7 $11 74. h4 Nf8 {The position is equal.} 75. h5 Nd7 76. Qd5 Qxg4 77. Qxd7 Qf3+ 78. Kg1 Qg3+ 79. Kf1 Qf3+ 80. Ke1 Qe3+ $1 81. Kf1 {White wants to mate with Qc8+.} Qf3+ 82. Kg1 Qg3+ 83. Kh1 (83. Kf1 $5 {[%cal Rd7c8]} Qf3+ $11) 83... Qf3+ $1 84. Kh2 {And now Qd5 would win.} Qf2+ 85. Kh3 {Black must now prevent Qd3.} Qf3+ 86. Kh4 Qf2+ 87. Kg4 {White threatens Qe8+ and mate.} Qg2+ 88. Kh4 {aiming for Qc8+.} Qf2+ 89. Kh3 {Threatens to win with Qd3.} Qf3+ {Accuracy: White = 53%, Black = 50%.} 1/2-1/2

[Event "IMSA Rapid Men 2019"]
[Site "Hengshui"]
[Date "2019.05.15"]
[Round "7.5"]
[White "Cheparinov, Ivan"]
[Black "Rapport, Richard"]
[Result "1/2-1/2"]
[WhiteElo "2667"]
[BlackElo "2736"]
[Annotator "TA"]
[PlyCount "189"]
[EventDate "2019.05.14"]
[EventType "rapid"]
[EventCountry "CHN"]
[SourceTitle "playchess.com"]
[Source "ChessBase"]
[SourceQuality "1"]

{[%evp 14,189,34,22,28,15,28,-12,11,8,2,6,16,10,18,8,17,-21,0,-22,35,16,25,-36,8,7,12,12,18,-6,31,20,28,25,43,31,38,14,25,22,53,100,90,83,142,143,160,153,157,156,158,152,147,98,111,118,142,102,89,99,325,325,318,308,362,383,379,378,301,294,358,330,341,304,316,280,432,435,425,412,406,379,407,350,466,477,453,391,352,318,320,299,313,0,293,269,318,311,308,238,237,137,128,71,70,70,203,65,69,0,0,0,0,0,0,0,0,-2,-5,-12,-8,0,0,-47,-47,-70,-70,-69,-60,-70,-70,-71,-71,-71,-71,-71,-70,-71,-71,-71,-71,-71,-71,-71,-71,-71,-71,-71,-71,-71,-71,-71,-71,-71,-71,-72,-72,-72,-72,-72,-71,-72,-72,-72,-71,-71,-71,-71,-71,-71,-71,-71,0,0,0,0,0,0]} 1. d4 e6 2. c4 Nf6 3. Nf3 b6 4. g3 Bb7 5. Bg2 Be7 6. O-O O-O 7. Nc3 Na6 8. Bf4 Ne4 {E18: Queen's Indian: Old Main Line (4 g3 Bb7 5 Bg2 Be7 6 0-0 0-0 7 Nc3)} 9. Rc1 d6 10. Qa4 $146 ({Predecessor:} 10. Nxe4 Bxe4 11. Qa4 Qc8 12. b4 c5 13. dxc5 dxc5 14. b5 Nc7 15. Rfd1 Bf6 16. Qb3 {1-0 (48) Korotylev,A (2620)-Gavrilov,A (2479) Moscow 2007}) 10... Qe8 (10... Nxc3 {seems wilder.} 11. bxc3 Nb8 12. Rb1 Be4 13. Ne1 Bxb1 14. Bxa8 Qe8) 11. Qxe8 Rfxe8 12. Rfd1 Nxc3 13. Rxc3 Bf6 14. Be3 h6 15. Nd2 Bxg2 16. Kxg2 c6 (16... e5 $11 17. Ne4 Bg5) 17. Ne4 Be7 18. Bf4 (18. g4 $11) 18... Red8 19. Rcc1 Rac8 20. Nc3 Nc7 21. Rc2 a6 22. Rdc1 Kf8 23. e4 c5 24. Be3 Bf6 25. e5 cxd4 26. Bxd4 Bxe5 27. Bxb6 Rd7 28. Na4 Ne8 (28... Na8 $142) 29. c5 $16 Rc6 30. cxd6 $1 Rxc2 31. Rxc2 Bxd6 32. Rc6 Be7 33. Ba5 Ra7 34. b4 Bd6 35. Nc5 Bxc5 36. bxc5 {[%mdl 4096] Endgame Hoping for Rc8. KRB-KRN} Ke7 $2 {[#]} (36... Ra8 $16 {keeps fighting.}) 37. Rc8 $1 $18 Rb7 38. Ra8 Rb5 39. Ra7+ (39. Rxa6 Nf6 $18) 39... Kf6 40. Bb6 Rb2 41. a4 {[%cal Ba2a4,Ba4a5][%mdl 32]} ({Much less strong is} 41. Rxa6 $6 e5 $18) 41... Ke5 42. a5 ({Resist} 42. Rxa6 Nf6 $18) ({Not} 42. Rxf7 Rc2 $18) 42... Nf6 43. Rxf7 Rc2 44. Rxg7 Nd5 (44... Ne4 $142 45. c6 Rxc6) 45. Rh7 Ne3+ 46. Kh3 Nf5 47. f3 Rc3 48. Kg4 Rc4+ 49. f4+ Ke4 50. Rh8 Rc2 51. Re8 Kd5 52. Rd8+ Ke4 53. Re8 Kd5 $1 54. Kh3 Nd4 55. Rd8+ Ke4 56. c6 Nf3 57. Kg4 (57. Rh8 $18 {aiming for c7.} Rxc6 58. Rxh6) 57... Nxh2+ $16 58. Kh5 ({Better is} 58. Kh3 {c7 is the strong threat.} Nf3 59. Rh8 Rxc6 60. Rxh6) 58... Rxc6 59. Kxh6 Nf1 {[#]} (59... Kf3 $14) 60. Kg5 (60. g4 $1 $18) 60... Nxg3 $14 61. Ra8 ({White should play} 61. Rd4+ $14 Kf3 62. Rd3+ Kg2 63. Re3) 61... Ne2 $11 62. Rxa6 Nxf4 63. Ra8 e5 64. Rg8 Nd5 65. Bd8 Rc8 66. Re8 Ra8 67. Rh8 Nf4 68. Bf6 Rxa5 69. Re8 Nd3 $1 70. Bg7 Kf3 {Strongly threatening ...e4+.} 71. Bxe5 Nxe5 $15 {KRN-KR} 72. Rf8+ Ke4 {( -> ...Nd7+)} 73. Rf4+ Kd5 74. Rf1 Ra2 75. Rd1+ Ke6 76. Kf4 Ra4+ 77. Ke3 Ng4+ 78. Kf3 Kf5 79. Rd8 Ra3+ 80. Ke2 Ke4 81. Re8+ Ne5 82. Kd2 Rd3+ 83. Ke2 Rd5 84. Re7 Ra5 85. Kd2 Kd4 86. Kc2 Rc5+ 87. Kd2 Rc8 88. Rh7 Nc4+ 89. Ke2 Nd6 90. Rd7 Rc6 91. Kd2 Ke5 92. Kd3 Ne4 (92... Ra6 $17) 93. Re7+ $11 {The position is equal.} Re6 94. Rxe6+ Kxe6 95. Kxe4 {Accuracy: White = 67%, Black = 54%.} 1/2-1/2

[Event "IMSA Rapid Men 2019"]
[Site "Hengshui"]
[Date "2019.05.15"]
[Round "7.6"]
[White "Andreikin, Dmitry"]
[Black "Wang, Hao"]
[Result "1-0"]
[WhiteElo "2722"]
[BlackElo "2735"]
[Annotator "TA"]
[PlyCount "111"]
[EventDate "2019.05.14"]
[EventType "rapid"]
[EventCountry "CHN"]
[SourceTitle "playchess.com"]
[Source "ChessBase"]
[SourceQuality "1"]

{[%evp 18,123,18,18,24,20,17,18,23,10,20,12,42,42,42,36,35,37,64,61,48,43,57,57,57,60,74,74,74,74,74,74,104,74,74,75,93,56,75,67,92,78,64,0,99,50,70,71,72,64,72,72,72,72,72,72,80,0,72,72,72,58,58,66,213,72,72,72,72,72,72,60,72,72,72,72,72,55,55,55,72,72,120,72,109,72,72,72,72,72,72,0,72,64,83,-14,-14,-14,-21,-36,-46,-161,317,349,29977,29977,29974,29974]} 1. e4 e5 2. Nf3 Nc6 3. Bb5 Nf6 4. O-O Nxe4 5. Re1 Nd6 6. Nxe5 Be7 7. Bf1 Nxe5 8. Rxe5 O-O 9. d4 Bf6 10. Re1 Re8 {C67: Ruy Lopez: Berlin Defence: 4 0-0 Nxe4} 11. c3 Rxe1 12. Qxe1 Ne8 {The position is equal.} 13. a4 $146 {[%cal Ba2a4,Ba4a5,Ba5a6][%mdl 32]} ({Predecessor:} 13. d5 c6 14. Qd1 b6 15. Bf4 Bb7 16. dxc6 dxc6 17. Nd2 c5 18. Nc4 Qxd1 19. Rxd1 {½-½ (40) Anand,V (2774)-Caruana,F (2819) Karlsruhe/Baden Baden 2019}) 13... d5 14. a5 Qe7 15. Qxe7 Bxe7 16. a6 b6 17. Bb5 Be6 18. Na3 Bxa3 19. Rxa3 Kf8 20. Bf4 Ke7 21. Bc6 Rd8 22. Ra1 f6 23. h4 Kf7 24. f3 Nd6 25. Kf2 h5 26. Re1 Nf5 27. g3 Nd6 28. b3 Nf5 29. Bb7 Nd6 30. Bc6 Nf5 $1 31. Re2 Nd6 32. Ke1 Nf5 33. Kd2 Nd6 34. Kc2 Rg8 35. Rh2 Ke7 36. Kd2 Rd8 37. Re2 Kf7 38. Re1 Rg8 39. Bxd6 cxd6 $16 {[%mdl 4096] Endgame KRB-KRB} 40. f4 f5 {[#]} ({Better is} 40... Rc8 $14 41. Bb7 Rc7) 41. Kc2 (41. c4 $1 $18 {is the precise move to win. And now Rxe6! would win.} dxc4 42. d5) 41... Rc8 42. Bb5 Kf6 43. Kb2 Rc7 44. Re3 Rc8 45. Ka3 Rc7 46. Kb4 Rc8 47. Re1 Rc7 48. Re2 Rc8 49. Re3 Rc7 50. Be8 Bc8 51. Kb5 g6 52. Bc6 Be6 53. Re1 Re7 54. Re3 Rc7 $1 55. Bb7 Re7 {Strongly threatening ...Bd7+.} 56. Kb4 {Played: Re3xe6} 1-0

[Event "IMSA Rapid Men 2019"]
[Site "Hengshui"]
[Date "2019.05.15"]
[Round "7.7"]
[White "Bu, Xiangzhi"]
[Black "Jones, Gawain C B"]
[Result "0-1"]
[WhiteElo "2729"]
[BlackElo "2702"]
[Annotator "TA"]
[PlyCount "92"]
[EventDate "2019.05.14"]
[EventType "rapid"]
[EventCountry "CHN"]
[SourceTitle "playchess.com"]
[Source "ChessBase"]
[SourceQuality "1"]

{[%evp 29,102,52,66,54,54,48,48,47,50,54,43,28,47,38,64,60,66,54,46,-17,-9,-4,0,0,0,0,0,0,0,-20,-16,-14,-14,-340,-275,-581,-564,-554,-564,-804,-787,-729,-729,-1139,-1127,-1422,-1427,-1427,-1426,-1394,-1322,-5593,-5593,-2717,-1042,-1447,-1410,-1320,-1295,-1240,-998,-2431,-2250,-1565,-1320,-29982,-29983,-29983,-29984,-29983,-29984,-29983,-29980,-29980,-29981]} 1. Nf3 c5 2. c4 g6 3. e4 Nc6 4. d4 cxd4 5. Nxd4 Nf6 6. Nc3 d6 7. Be2 Nxd4 8. Qxd4 Bg7 9. Be3 O-O 10. Qd2 Bd7 11. f3 Bc6 12. O-O a5 13. b3 Nd7 14. Rab1 Nc5 15. Rfd1 Qc7 16. Bf1 $146 {B38: Sicilian: Maroczy Bind with 5...Bg7 and 7...0-0} ({Predecessor:} 16. Nd5) 16... Rfc8 17. Kh1 Qb6 18. a3 {White is slightly better.} Qc7 19. Nd5 Qd8 20. Bg5 Bxd5 21. exd5 a4 22. b4 Nb3 23. Qe3 Bf6 24. Re1 (24. h4 $14) 24... Bxg5 25. Qxg5 e5 26. Qe3 Qh4 27. Rbd1 Nd4 28. Bd3 b6 29. Kg1 Ra7 {[%cal Ba8a7,Ba7e7,Be7e5,Be5g5][%mdl 32]} 30. f4 Re7 31. fxe5 $2 {[%mdl 8192]} (31. Rf1 $11 {and White stays safe.}) 31... Rxe5 $19 32. Qf2 $2 {[#]} (32. Qg3 Nf3+ {[%mdl 64] Double Attack, Pin} 33. Kf2 (33. gxf3 $2 Rg5 $19 {[%mdl 64] Pin}) 33... Qxg3+ 34. hxg3 Nxe1 35. Rxe1) 32... Nf3+ $1 {[%mdl 512]} 33. gxf3 (33. Qxf3 Rxe1+) 33... Rg5+ 34. Kf1 Qh3+ 35. Ke2 Rg2 {[%mdl 64] Double Attack} 36. Rf1 Re8+ 37. Kd2 Qxf3 38. Qxg2 Qxg2+ 39. Kc3 Qa2 40. Rb1 {[#]} Re3 $1 41. Rfd1 Qxh2 (41... Rh3 $142 42. b5 Qxa3+ 43. Kd4 Rh4+ 44. Ke3 {[#]} Qc3 $1 {[%mdl 512]} 45. Rh1 Rh3+ 46. Kf2 Qd4+ 47. Kg2 Qg4+ 48. Kf2 Rxd3 49. Rhf1 Rf3+ 50. Ke2 Qg2+ {[%mdl 64] Double Attack} 51. Rf2 Qxf2+ 52. Kd1 Rd3+ 53. Kc1 Qd2#) 42. c5 dxc5 43. bxc5 bxc5 44. Kc4 Qd6 45. Rb5 Qf4+ 46. Kxc5 Re8 {Played: Qf4-f3} 0-1